Elements 1 to 118 - Statistics

General Stats
  • This quiz has been taken 23 times
    19 since last reset
  • The average score is 42 of 118
Answer Stats
Hint Answer % Correct
2 Helium
100%
1 Hydrogen
100%
3 Lithium
100%
4 Beryllium
86%
6 Carbon
86%
7 Nitrogen
71%
8 Oxygen
71%
5 Boron
57%
9 Fluorine
57%
10 Neon
57%
89 Actinium
43%
95 Americium
43%
56 Barium
43%
83 Bismuth
43%
98 Californium
43%
58 Cerium
43%
55 Cesium
43%
17 Chlorine
43%
96 Curium
43%
99 Einsteinium
43%
63 Europium
43%
87 Francium
43%
79 Gold
43%
72 Hafnium
43%
67 Holmium
43%
53 Iodine
43%
36 Krypton
43%
103 Lawrencium
43%
82 Lead
43%
93 Neptunium
43%
28 Nickel
43%
102 Nobelium
43%
94 Plutonium
43%
84 Polonium
43%
88 Radium
43%
86 Radon
43%
14 Silicon
43%
47 Silver
43%
11 Sodium
43%
65 Terbium
43%
90 Thorium
43%
74 Tungsten
43%
92 Uranium
43%
54 Xenon
43%
13 Aluminium
29%
51 Antimony
29%
18 Argon
29%
33 Arsenic
29%
85 Astatine
29%
97 Berkelium
29%
107 Bohrium
29%
35 Bromine
29%
48 Cadmium
29%
20 Calcium
29%
24 Chromium
29%
27 Cobalt
29%
29 Copper
29%
66 Dysprosium
29%
68 Erbium
29%
100 Fermium
29%
64 Gadolinium
29%
31 Gallium
29%
32 Germanium
29%
108 Hassium
29%
49 Indium
29%
77 Iridium
29%
26 Iron
29%
57 Lanthanum
29%
116 Livermorium
29%
12 Magnesium
29%
25 Manganese
29%
101 Mendelevium
29%
80 Mercury
29%
42 Molybdenum
29%
115 Moscovium
29%
60 Neodymium
29%
113 Nihonium
29%
41 Niobium
29%
118 Oganesson
29%
76 Osmium
29%
46 Palladium
29%
15 Phosphorus
29%
78 Platinum
29%
19 Potassium
29%
59 Praseodymium
29%
61 Promethium
29%
91 Protactinium
29%
75 Rhenium
29%
45 Rhodium
29%
44 Ruthenium
29%
104 Rutherfordium
29%
62 Samarium
29%
21 Scandium
29%
106 Seaborgium
29%
38 Strontium
29%
16 Sulfur
29%
73 Tantalum
29%
43 Technetium
29%
52 Tellurium
29%
81 Thallium
29%
69 Thulium
29%
50 Tin
29%
22 Titanium
29%
23 Vanadium
29%
30 Zinc
29%
40 Zirconium
29%
112 Copernicium
14%
110 Darmstadtium
14%
105 Dubnium
14%
114 Flerovium
14%
71 Lutetium
14%
109 Meitnerium
14%
111 Roentgenium
14%
37 Rubidium
14%
34 Selenium
14%
117 Tennessine
14%
70 Ytterbium
14%
39 Yttrium
14%
No matching quizzes found
Score Distribution
Percent of People with Each Score
Percentile by Number Answered
Your Score History
You have not taken this quiz since the last reset